MARC details
| 000 -LEADER |
| fixed length control field |
02345nam a2200397Ia 4500 |
| 003 - CONTROL NUMBER IDENTIFIER |
| control field |
3228 |
| 005 - DATE AND TIME OF LATEST TRANSACTION |
| control field |
20260325090109.0 |
| 008 - FIXED-LENGTH DATA ELEMENTS--GENERAL INFORMATION |
| fixed length control field |
210818s9999 xx 000 0 und d |
| 020 ## - INTERNATIONAL STANDARD BOOK NUMBER |
| International Standard Book Number |
9781869 140878 |
| Qualifying information |
Paperback |
| 040 ## - CATALOGING SOURCE |
| Original cataloging agency |
RDA |
| Language of cataloging |
ENGLISH |
| Transcribing agency |
3228 |
| 082 #0 - DEWEY DECIMAL CLASSIFICATION NUMBER |
| Classification number |
391.60968 RIBA |
| 100 ## - MAIN ENTRY--PERSONAL NAME |
| Personal name |
RIBANE, Nakedi Scottsville, 2006 |
| 9 (RLIN) |
24542 |
| Dates associated with a name |
2006. |
| 110 ## - MAIN ENTRY--CORPORATE NAME |
| 9 (RLIN) |
185349 |
| Corporate name or jurisdiction name as entry element |
University of KwaZulu Natal Press |
| 111 ## - MAIN ENTRY--MEETING NAME |
| 9 (RLIN) |
178758 |
| Meeting name or jurisdiction name as entry element |
Bible Society of South Africa |
| 245 #0 - TITLE STATEMENT |
| Title |
Beauty: |
| Remainder of title |
a black perspective |
| Statement of responsibility, etc. |
Nakedi Ribane. |
| 260 ## - PUBLICATION, DISTRIBUTION, ETC. |
| Place of publication, distribution, etc. |
Scottsville, South Africa : |
| Name of publisher, distributor, etc. |
University of KwaZulu-Natal Press, |
| Date of publication, distribution, etc. |
2006. |
| 300 ## - PHYSICAL DESCRIPTION |
| Extent |
xvii, 149 pages |
| Other physical details |
Colour illustrations, portraits |
| Dimensions |
25 cm |
| 504 ## - BIBLIOGRAPHY, ETC. NOTE |
| Bibliography, etc. note |
Includes bibliographical references (pages 144-149). |
| 520 ## - SUMMARY, ETC. |
| Summary, etc. |
This book is an extraordinary mix of glamour, nostalgia and social analysis. It takes the reader on a journey through our South African history and politics from the unusual perspective of the beauty industry. Backed by a photo gallery of classic icons from the 50s, 60s and 70s to present, it celebrates the inspirational role of the beautiful and courageous Black women, especially models and beauty queens. It also looks at the business of beauty and recounts the struggles and successes of Black practitioners trying to make it in this competitive sector. The author is someone who herself was a leading model of the 80s. Nakedi Ribane co-owned one of the very few Black modeling agencies of note in South Africa. She is ideally placed to offer a fascinating behind-the-scenes look at one of the most under-rated yet influential industries of our time. (Publisher).<br/><br/> |
| 521 ## - TARGET AUDIENCE NOTE |
| Target audience note |
Adult |
| 600 #0 - SUBJECT ADDED ENTRY--PERSONAL NAME |
| 9 (RLIN) |
89390 |
| Personal name |
RIBANE, Nakedi |
| Dates associated with a name |
2006. |
| 610 #0 - SUBJECT ADDED ENTRY--CORPORATE NAME |
| 9 (RLIN) |
185349 |
| Corporate name or jurisdiction name as entry element |
University of KwaZulu Natal Press |
| 630 #0 - SUBJECT ADDED ENTRY--UNIFORM TITLE |
| 9 (RLIN) |
184693 |
| Uniform title |
Culture and politics of health care work |
| 648 #0 - SUBJECT ADDED ENTRY--CHRONOLOGICAL TERM |
| 9 (RLIN) |
185762 |
| Chronological term |
Kabbala |
| 650 #0 - SUBJECT ADDED ENTRY--TOPICAL TERM |
| 9 (RLIN) |
184223 |
| Topical term or geographic name entry element |
Achievement |
| 651 #0 - SUBJECT ADDED ENTRY--GEOGRAPHIC NAME |
| 9 (RLIN) |
196576 |
| Geographic name |
South Africa |
| 654 ## - SUBJECT ADDED ENTRY--FACETED TOPICAL TERMS |
| 9 (RLIN) |
188079 |
| Focus term |
Human body |
| 655 #0 - INDEX TERM--GENRE/FORM |
| 9 (RLIN) |
138377 |
| Genre/form data or focus term |
History |
| 658 ## - INDEX TERM--CURRICULUM OBJECTIVE |
| 9 (RLIN) |
185827 |
| Main curriculum objective |
Black people Social conditions |
| 662 ## - SUBJECT ADDED ENTRY--HIERARCHICAL PLACE NAME |
| 9 (RLIN) |
191595 |
| Country or larger entity |
KwaZulu-Natal (South Africa) |
| 690 ## - LOCAL SUBJECT ADDED ENTRY--TOPICAL TERM (OCLC, RLIN) |
| 9 (RLIN) |
131180 |
| Topical term or geographic name as entry element |
Women, Black. |
| Geographic subdivision |
South Africa |
| 700 ## - ADDED ENTRY--PERSONAL NAME |
| 9 (RLIN) |
175526 |
| Personal name |
Nakedi Ribane |
| Dates associated with a name |
2006. |
| Relator term |
Author. |
| 710 ## - ADDED ENTRY--CORPORATE NAME |
| 9 (RLIN) |
185349 |
| Corporate name or jurisdiction name as entry element |
University of KwaZulu Natal Press |
| 711 ## - ADDED ENTRY--MEETING NAME |
| 9 (RLIN) |
178758 |
| Meeting name or jurisdiction name as entry element |
Bible Society of South Africa |
| 942 ## - ADDED ENTRY ELEMENTS |
| item type |
Book |
| Source of classification or shelving scheme |
Dewey Decimal Classification |
| -- |
559 |
| -- |
Nosiswe Mogale |